00804nam a22001937a 45000010006000000050017000060080041000230400024000642450046000882600052001343000033001865000124002195460023003436500035003668520012004019420018004139520162004319990017005938584720260429142403.0260429s1999 it ||||| |||| 00| 0 ita d aM-RABAbspacM-RABA00aBell'Italia PompeibNumero 26 Aprile 1999 aMilánb: Editoriale Giorgio Mondadoric, 1999 a144 p. b: il. col.c; 28 cm00aEn cub.: Una mostra unica: Homo faber. È come entrare nelle case, tra quella gente e quelle cose sepolte dal Vesuvio. aTexto en italiano. 0aArte-zItalia-zPompeya984902 jF-16116 cFONDOMODERn0 00102ddc4070aRABASFbRABASFcDP2d2026-04-29eDl0oF-16116p1097145r2026-04-29 14:26:32w2026-04-29yFONDOMODERzDonación de Vincenzo Giuseppe Sabini c85847d85847